Приключения капитана Врунгеля: повесть, рассказы; Приключения капитана Врунгеля; Морские сапоги; Рассказы старого боцмана

Dades bibliogràfiques
Autor principal: Некрасов А. С. Андрей Сергеевич
Altres autors: Ротов К. (иллюстратор), Фалин Л., Богаткин В.
Sumari:В книгу входит известная юмористическая повесть о кругосветном походе бесстрашного капитана Врунгеля и его спутников, а также рассказы из цикла "Морские сапоги"
Idioma:rus
Publicat: Москва, Детская литература, 1988
Edició:Переизд.
TOC:Приключения капитана Врунгеля;
Морские сапоги;
Рассказы старого боцмана;
Col·lecció:Школьная библиотека
Matèries:
Format: MixedMaterials Llibre
KOHA link:https://koha.lib.tpu.ru/cgi-bin/koha/opac-detail.pl?biblionumber=185793

MARC

LEADER 00000nam0a2200000 4500
001 185793
005 20231101223936.0
010 |a 5080011327 
020 |a RU  |b 88-21051 
035 |a (RuTPU)RU\TPU\book\201589 
090 |a 185793 
100 |a 20101015d1988 c y0rusy5003 ca 
101 0 |a rus 
102 |a RU 
105 |a a z 000ay 
200 1 |a Приключения капитана Врунгеля  |e повесть, рассказы  |f А. С. Некрасов  |g худож. К. Ротов 
205 |a Переизд. 
210 |a Москва  |c Детская литература  |d 1988 
215 |a 350 с.  |c ил. 
225 1 |a Школьная библиотека 
330 |a В книгу входит известная юмористическая повесть о кругосветном походе бесстрашного капитана Врунгеля и его спутников, а также рассказы из цикла "Морские сапоги" 
464 |t Приключения капитана Врунгеля  |o повесть 
464 |t Морские сапоги  |o рассказы 
464 |t Рассказы старого боцмана 
606 1 |a Русская литература современная  |2 stltpush  |3 (RuTPU)RU\TPU\subj\26373  |9 50316 
610 1 |a художественная литература 
610 1 |a детская литература 
610 1 |a приключения 
675 |a Р2  |v 3 
700 1 |a Некрасов  |b А. С.  |g Андрей Сергеевич  |4 070 
702 1 |a Ротов  |b К.  |4 440 
702 1 |a Ротов  |b К.  |4 440 
702 1 |a Фалин  |b Л.  |4 440 
702 1 |a Богаткин  |b В.  |4 440 
801 0 |a RU  |b RuMRKP  |c 19950417  |g psbo 
801 1 |a RU  |b 63413507  |c 20101015 
801 2 |a RU  |b 63413507  |c 20220125  |g RCR 
942 |c BK